Rychle rostoucí dřeviny v energetice : (topoly a vrby) : [odborná monografie] /

Other Authors: Kohout, Pavel, 1982-
Language: Czech
Published: České Budějovice : Jihočeská univerzita v Českých Budějovicích, Zemědělská fakulta, 2010
Edition: 1. vyd.
Subjects:
Online Access: Digitalizovaný dokument
Physical Description: 101 s. : il. (převážně barev.) ; 21 cm
Book
Saved in:
LEADER 02118nam a2200553 a 4500
001 nkc20112163985
003 CZ PrNK
005 20251201102706.0
007 ta
008 110131s2010 xr a f 000 0 cze
015 |a cnb002163985 
020 |a 978-80-7394-247-2  |q (brož.) 
035 |a (OCoLC)713796297 
040 |a OLA001  |b cze 
072 7 |a 633  |x Rostlinná výroba  |2 Konspekt  |9 24 
080 |a 582.091/.097-114.328  |2 MRF 
080 |a 582.681.82  |2 MRF 
080 |a 582.681.83  |2 MRF 
080 |a 633.584.3  |2 MRF 
080 |a 633:620.9  |2 MRF 
080 |a 620.92/.95  |2 MRF 
080 |a (048.8:082)  |2 MRF 
245 0 0 |a Rychle rostoucí dřeviny v energetice :  |b (topoly a vrby) : [odborná monografie] /  |c Pavel Kohout ... [et al.] 
250 |a 1. vyd. 
260 |a České Budějovice :  |b Jihočeská univerzita v Českých Budějovicích, Zemědělská fakulta,  |c 2010 
300 |a 101 s. :  |b il. (převážně barev.) ;  |c 21 cm 
500 |a Terminologický slovník 
500 |a 200 výt. 
504 |a Obsahuje bibliografii 
650 0 7 |a rychle rostoucí dřeviny  |7 ph561144  |2 czenas 
650 0 7 |a topol  |7 ph126693  |2 czenas 
650 0 7 |a vrba  |7 ph281328  |2 czenas 
650 0 7 |a energetické rostliny  |7 ph119942  |2 czenas 
650 0 7 |a alternativní energetické zdroje  |7 ph115531  |2 czenas 
650 0 9 |a fast growing woody plants  |2 eczenas 
650 0 9 |a poplar  |2 eczenas 
650 0 9 |a willow  |2 eczenas 
650 0 9 |a energy crops  |2 eczenas 
650 0 9 |a renewable energy sources  |2 eczenas 
655 7 |a kolektivní monografie  |7 fd501537  |2 czenas 
655 9 |a collective monographs  |2 eczenas 
700 1 |a Kohout, Pavel,  |d 1982-  |7 ola2009488151  |4 aut 
856 4 1 |u http://www.digitalniknihovna.cz/mzk/uuid/uuid:9cfebbe0-5745-11e8-983f-005056827e51  |y Digitalizovaný dokument  |x NDK 
910 2 |a BOA001  |b 2-1260.449 
990 |a BK 
995 |a 01 
991 |b 201103  |c NOV  |e n 
996 7 |b 2610466341  |c 2-1260.449  |l MZK  |r Sklad / do 1 hodiny  |n 22  |p dar  |w 001169812  |u 000020  |a 1  |e BOA001  |j MZK50  |s A 
996 6 |b 2610468557  |c 2-1260.449  |l MZK  |r Sklad / do 1 hodiny  |n 15  |p p.v.  |w 001169812  |u 000010  |a 1  |e BOA001  |j MZK50  |s P